000 01019cab a22002055a 4500
001 L156416
008 120518e2012 xxk 000 0 eng d
035 _a(Sirsi) u156416
041 0 _aeng
110 2 _aEuroProperty
_91216
245 0 0 _aAsia proves the bigger draw
260 _c2012
490 0 _aEuroProperty
_v23 April 2012, 19(1)
520 _aInvestors set to allocate more funds in Asian non-listed real estate vehicles than European according to a joint INREV and ANREV, the respective European and Asian associations for investors in non-listed real estate vehicles. More than 80% of investors in Asia are expected to increase their allocations while European investments will be much lower at 40%. Listed assets are more attractive in Asia with China as the preferred location. Fund style seems to be much more important to investors selecting European than those selecting Asian funds.
590 _aKA
651 4 _aEurope
651 4 _aAsia
690 _aCommercial property
_96227
942 _n0
999 _c84002
_d84002